00650nam a22002057a 450000500170000001000150001702000270003203500130005903700130007208200120008524500860009725000110018326000300019427000680022430000260029249000450031850000190036361000300038270000320041220140724130749.0 aENG-110073 a9789380607559c1095.00 aEN-93606 bDBAD/PUB a330.954 aEssays in ancient Indian economic history /cedited by Brajadulal Chattopadhyaya  a2nd ed aDelhibPrimus Booksc2014 aVirat Bhavan, Mukherjee Nagar Commercial ComplexbDelhie110009 axvii,240p. c25cm(Hb) aIndian History Congress monograph series aIncludes index a Indian History Congress. aChattopadhyaya, Brajadulal